[Event "SVK-chT4 A22 1617"]
[Site "Slovakia"]
[Date "2017.03.12"]
[Round "11.2"]
[White "Galffy, Bence"]
[Black "Bohunicky, Pavol"]
[Result "0-1"]
[WhiteElo "1296"]
[BlackElo "1620"]
[PlyCount "51"]
[EventDate "2016.10.09"]
[EventType "team-tourn"]
[EventRounds "11"]
[EventCountry "SVK"]
[SourceTitle "EXT 2020"]
[Source "ChessBase"]
[SourceDate "2019.10.17"]
[SourceVersion "1"]
[SourceVersionDate "2019.10.17"]
[SourceQuality "1"]

1. e4 d5 2. e5 c5 3. Nf3 Nc6 4. Bb5 Qb6 5. Nc3 e6 6. d4 Bd7 7. Be3 cxd4 8. Nxd4 Nxe5 9. Nc6 Qc7 10. Nxe5 Bxb5 11. Bf4 Qb6 12. Qf3 Nf6 13. 0-0-0 Bc6 14. Be3 Qc7 15. Bf4 Bd6 16. Rhe1 d4 17. Nxc6 Bxf4+ 18. Kb1 bxc6 19. Rxd4 Bh6 20. Nb5 Qb6 21. Nd6+ Ke7 22. Nf5+ Kf8 23. Qa3+ c5 24. Nd6 Nd5 25. Nc4 Qb4 26. Qf3 0-1